| 000 | 00643nam a2200157Ia 4500 | ||
|---|---|---|---|
| 008 | 081213s9999 xx 000 0 und d | ||
| 050 |
_aBV4225 _b.S85 1982 |
||
| 245 |
_aSunday sermons treasury of illustrations _cCompiled, edited and composed by James F. Colaianni |
||
| 260 |
_c1982 _aPleasantville, N.J. _bVoicings Publications |
||
| 300 |
_a576 p. ; _c24 cm. |
||
| 440 | _vVol. II | ||
| 500 | _aIncludes index | ||
| 650 | _aSERMONS -ILLUSTRATION | ||
| 942 |
_cBK _2lcc |
||
| 999 |
_c7690 _d7690 |
||